000 00460nam a2200181Ia 4500
005 20250425161704.0
008 250425s9999 xx 000 0 und d
041 _aspa
082 _a338.9
245 0 _aTRANSFORMACION Y DESARROLLO: LA GRAN TAREA
250 _a1 A ED.
260 _aMEXICO
260 _aMéxico
_bFONDO DE CULTURA ECONOMICA
_c1972
300 _a607
650 _aPOLITICA DE DESARROLLO-AMERICA LATINA
942 _c01
010 _a25916
999 _c214128
_d214128